LEADER 01532nam a2200325 u 4500 001 000000012292 003 CaOOAMICUS 005 20070226105523.0 008 950318s1960 sz h u000 u ger u 035 $a10297943 040 $aPUL(R)$bita 100 1 $aPerler, Othmar,$d1900-$0(OLS)http://pul/name/6223 245 14$aEin Hymnus zur Ostervigil von Meliton? :$b(Papyrus Bodmer XII) /$cOthmar Perler. 260 $aFreiburg Schweiz :$bUniversitätsverlag,$c1960. 300 $a94 p., [1] c. di tav. :$bfacs. ;$c24 cm 490 1 $aParadosis ;$v15 500 $aComprende indici. 504 $a"Literaturverzeichnis": p. 90-92. 600 04$aMelito,$cs., vesc. di Sardi,$dsec. II.$0(OLS)http://pul/subject/9232 610 24$aBibliotheca Bodmeriana.$kMss.$n(Pap. Bodmer 12).$0(OLS)http://pul/subject/9233 710 2 $aBibliotheca Bodmeriana.$kMss.$n(Pap. Bodmer 12).$0(OLS)http://pul/name/11712 830 0$aParadosis ;$v15.$0(OLS)http://pul/title/2776 850 $aPUL 852 $aPUL$W1$xSL Religione 1$y3$m20 B 15$j17381$nBK-PRI$b $qStampati$B17381$CPULBib$Z2$F17381 $H $81 852 $aPUL$W1$xDP1 Fondo Cecchetti$y53$m268 C 19$j17382$nBK-PRI$b $qFondi$B17382$CPULBib$Z2$F17382 $HPUL2355 $81 941 1 $a8 941 1 $a1 961 $aINV: 28877 996 $6245$aEin Hymnus zur Ostervigil von Meliton? :$b(Papyrus Bodmer XII)$9(OLS)http://pul/title/17795 996 $6260$aFreiburg Schweiz :$bUniversitätsverlag$9(OLS)http://pul/publisher/50908 LEADER 01899nam a2200373 a 4500 001 000000155379 003 CaOOAMICUS 005 20161026165516.0 008 161020m19731983it u000 u ita r 032 $aLibriCat 040 $aPUL$bita 100 1 $aScapini, Nevio.$0(OLS)http://pul/name/98902 245 13$aLa confessione nel diritto romano /$cNevio Scapini. 260 $aTorino :$bGiappichelli,$c1973$aMilano :$bGiuffrè,$c1983. 300 $a289 p. ;$c25 cm. 490 1 $aUniversità di Torino. Memorie dell'Istituto giuridico. Serie II ;$v149 490 0 $aUniversità di Torino. memorie dell'Istituto giuridico. Serie III ;$v17 504 $aContiene riferimenti bibliografici. 505 1 $aV.1. Diritto classico. -- v.2. Diritto giustinianeo. -- 650 04$aDiritto romano$xStudi.$0(OLS)http://pul/subject/41786 740 00$aDiritto giustinianeo. 740 00$aDiritto classico. 830 0$aMemorie dell'Istituto giuridico (Università di Torino).$nSerie II ;$v149.$0(OLS)http://pul/title/2705 830 0$aMemorie dell'Istituto giuridico (Università di Torino).$nSerie III ;$v17.$0(OLS)http://pul/title/117299 850 $aPUL 852 $aPUL$W1$xDP1 Cons. Gen., Altre Classi 1$y22$m1039 F 2.149$j178459$bv. 1$qStampati$B181672$CPULBib$Z2$F181672 $H41399 $81 852 $aPUL$W1$xDP1 Cons. Gen., Altre Classi 1$y22$m1039 F 3.17$j178694$bv. 2$qStampati$B181860$CPULBib$Z2$F181860 $H51641 $81 941 1 $a8 996 $6245$aLa confessione nel diritto romano$9(OLS)http://pul/title/195036 996 $6740$aDiritto giustinianeo$9(OLS)http://pul/title/195207 996 $6740$aDiritto classico$9(OLS)http://pul/title/195206 996 $6260$aTorino :$bGiappichelli$9(OLS)http://pul/publisher/48244 996 $6260$aMilano :$bGiuffrè$9(OLS)http://pul/publisher/48401